Central Library OPAC University of Rajshahi

The historian's craft / (Record no. 23891)

MARC details
000 -LEADER
fixed length control field 00738cam a22002411 4500
001 - CONTROL NUMBER
control field 23891
003 - CONTROL NUMBER IDENTIFIER
rucl marc code BD-RjUL
005 - DATE AND TIME OF LATEST TRANSACTION
control field 20211209001001.0
008 - FIXED-LENGTH DATA ELEMENTS--GENERAL INFORMATION
fixed length control field 140312r19631954enk 000 0 eng
035 ## - SYSTEM CONTROL NUMBER
System control number (BD-RjUL)23956
040 ## - CATALOGING SOURCE
Original cataloging agency DLC
Transcribing agency DLC
Modifying agency DLC
-- BD-RjUL
Language of cataloging eng
041 1# - LANGUAGE CODE
Language code of text/sound track or separate title engfre
082 00 - DEWEY DECIMAL CLASSIFICATION NUMBER
Classification number 907
Author mark and year BLH 1963
100 1# - MAIN ENTRY--PERSONAL NAME
Personal name Bloch, Marc,
Dates associated with a name 1886-1944.
9 (RLIN) 73561
245 14 - TITLE STATEMENT
Title The historian's craft /
Statement of responsibility, etc. introd. by Joseph R. Strayer. Translated from the French by Peter Putnam.
260 ## - PUBLICATION, DISTRIBUTION, ETC. (IMPRINT)
Place of publication, distribution, etc. London :
Name of publisher, distributor, etc. Manchester university press,
Date of publication, distribution, etc. 1954 [Reprinted 1963].
300 ## - PHYSICAL DESCRIPTION
Pagination 197 p. ;
Size 20 cm.
650 #0 - SUBJECT ADDED ENTRY--TOPICAL TERM
Topical term or geographic name as entry element Historiography.
9 (RLIN) 73562
942 ## - ADDED ENTRY ELEMENTS (KOHA)
Source of classification or shelving scheme Dewey Decimal Classification
Koha item type Books
Holdings
Lost status Source of classification or shelving scheme Damaged status Not for loan Collection code Permanent Location Current Location Shelving location Date acquired Source of acquisition Cost, normal purchase price Total Checkouts Full call number Date last seen Copy number Koha item type
  Dewey Decimal Classification     Non-fiction Central Library, University of Rajshahi Central Library, University of Rajshahi   14/02/1967 Zeitlinger 15.00   907 BLH 1963 12/03/2014 C-3 Books